000
00209nam a2200085Ia 4500
245
0
_a
The edge
100
_a
SIMMS, Chris London, 2009
_9
78886
942
_c
BK
008
210817s9999 xx 000 0 und d
999
_c
273373
_d
273371